00532nam a2200181 a 4500001001300000003000900013005001700022008004100039020001000080082001700090100002300107245008100130260006000211300000900271500003500280505001100315650002400326nice12345678IN_TiNIC20260116013402.0050524s1985 chia grp 000 0 eng  ac10000a230.046bAMJ aAmjad Ali, Charles aLiberation and Ethicsb Essays in Religious Social Ethics in Honor of Gibson aChicagobCentre Forthe Scientific Study of Religic1985 a233p aincludes index and biblioraphy2 aJindex aLiberation-Theology